Statistieken voor Grootste steden in Italië

Klik hier om de quiz te nemen!

Algemene statistieken

  • Deze quiz is 278 keer genomen
    (184 sinds de laatste reset)
  • De gemiddelde score is 10 van 20

Antwoordstatistieken

BevolkingStad% Correct
2,872,805Rome
98%
1,366,184Milaan
97%
966,147Napels
91%
882,528Turijn
84%
261,324Venetië
83%
668,404Palermo
67%
389,269Bologna
64%
580,093Genua
62%
323,374Bari
57%
257,277Verona
55%
380,947Firenze
46%
195,684Parma
36%
204,333Triëst
36%
311,622Catania
32%
234,296Messina
25%
196,741Brescia
20%
210,448Padua
20%
185,275Modena
17%
193,324Prato
5%
198,280Taranto
5%

Scoreverdeling

Percentiel versus Aantal Correcte Antwoorden

Procent van Mensen met Elke Score

Uw Scoregeschiedenis

U heeft deze quiz nog niet genomen sinds de laatste reset